Post-War instability and human security in Nepal (Record no. 395593)

MARC details
000 -LEADER
fixed length control field 00552 a2200205 4500
005 - DATE & TIME
control field 20260309123122.0
008 - FIXED-LENGTH DATA ELEMENTS--GENERAL INFORMATION
fixed length control field 260309b |||||||| |||| 00| 0 eng d
020 ## - ISBN
International Standard Book Number 9781041028475
Price Rs. 1295.00
040 ## - CATALOGING SOURCE
Original cataloging agency VIVEKANANDA LIBRARY
082 ## - DDC NUMBER
Classification number 355.03305496
Book Number K146P
100 ## - MAIN ENTRY--PERSONAL NAME
Personal name Karki, Purna Bahadur
245 ## - TITLE STATEMENT
Title Post-War instability and human security in Nepal
260 ## - PUBLICATION, DISTRIBUTION, ETC. (IMPRINT)
Name of publisher, distributor, etc Routledge
Date of publication, distribution, etc 2025
Place of publication, distribution, etc New York
300 ## - PHYSICAL DESCRIPTION
Pages xxii, 263
650 ## - Subject
Subject Defence Studies
650 ## - Subject
Subject International Relation
650 ## - Subject
Subject Nepal
650 ## - Subject
Subject Human Security
942 ## - ADDED ENTRY ELEMENTS (KOHA)
Koha item type Books
Holdings
Withdrawn status Lost status Source of classification or shelving scheme Damaged status Not for loan Location (home branch) Sublocation or collection (holding branch) Shelving location Date acquired Koha issues (times borrowed) Koha full call number Accession No. Koha date last seen Koha item type
    Dewey Decimal Classification     VIVEKANANDA LIBRARY VIVEKANANDA LIBRARY Vivekananda Library 27/01/2026   355.03305496 K146P 444653 27/01/2026 Books
© Designed and Maintained by Vivekananda Library, MDU Rohtak